[Event "International Championship of Central Se"]
[Site "Paracin, hotel "]
[Date "2013.07.12"]
[Round "9.1"]
[White "Ljangov, Petar"]
[Black "Radovic, Janko"]
[Result "1/2-1/2"]
[WhiteElo "2010"]
[BlackElo "2038"]
[PlyCount "52"]
[EventDate "2013.07.05"]

1. e4 c5 2. Nf3 d6 3. Bb5+ Bd7 4. Bxd7+ Qxd7 5. O-O Nf6 6. Re1 Nc6 7. b3 g6 8.
Bb2 Bg7 9. c3 e5 10. d4 Qc7 11. dxe5 dxe5 12. Qe2 O-O 13. Nbd2 Rad8 14. Red1
Rfe8 15. Nc4 b5 16. Na3 a6 17. Nc2 Qb7 18. Nfe1 h5 19. f3 Qc7 20. Rxd8 Rxd8 21.
Rd1 Rxd1 22. Qxd1 Qb6 23. Kf1 Bf8 24. Qd2 Nd8 25. Bc1 Ne6 26. Qd3 Qc6 1/2-1/2

[Event "International Championship of Central Se"]
[Site "Paracin, hotel "]
[Date "2013.07.12"]
[Round "9.2"]
[White "Rasic, Jovan"]
[Black "Grbic, Branko"]
[Result "1/2-1/2"]
[WhiteElo "2085"]
[BlackElo "1984"]
[PlyCount "47"]
[EventDate "2013.07.05"]

1. e4 c5 2. c4 Nc6 3. Nf3 g6 4. d4 cxd4 5. Nxd4 Bg7 6. Be3 d6 7. Nc3 Nf6 8. Be2
O-O 9. O-O a6 10. f3 Nxd4 11. Bxd4 Be6 12. Rc1 Rc8 13. b3 Qa5 14. f4 Rcd8 15.
g4 Bc8 16. g5 Nd7 17. Bxg7 Kxg7 18. Qd4+ Kg8 19. Nd5 Rde8 20. b4 Qd8 21. f5 e6
22. fxg6 Qxg5+ 23. Kh1 fxg6 24. Nc7 1/2-1/2

[Event "International Championship of Central Se"]
[Site "Paracin, hotel "]
[Date "2013.07.12"]
[Round "9.3"]
[White "Milosavljevic, Milica"]
[Black "Ostojic, Nikola M"]
[Result "1-0"]
[WhiteElo "1926"]
[BlackElo "2068"]
[PlyCount "42"]
[EventDate "2013.07.05"]

1. e4 c5 2. c4 e6 3. Nc3 d6 4. g3 Nc6 5. Bg2 g6 6. Nge2 Bg7 7. O-O Nge7 8. d3
O-O 9. Be3 Nd4 10. f4 Nec6 11. Rb1 Rb8 12. Bf2 a6 13. Nxd4 Nxd4 14. Ne2 Nxe2+
15. Qxe2 b5 16. e5 Qc7 17. Qe3 Qa5 18. exd6 Bd4 19. Qe4 Bb7 20. Qe1 Bxf2+ 21.
Rxf2 Bxg2 1-0

[Event "International Championship of Central Se"]
[Site "Paracin, hotel "]
[Date "2013.07.12"]
[Round "9.4"]
[White "Lazic, Milan B"]
[Black "Boskovic, Maksimilijan"]
[Result "1/2-1/2"]
[WhiteElo "1978"]
[BlackElo "1927"]
[PlyCount "53"]
[EventDate "2013.07.05"]

1. e4 g6 2. d4 Bg7 3. Bc4 d6 4. h4 Nf6 5. f3 c6 6. Be3 d5 7. Bd3 dxe4 8. Bxe4
Nbd7 9. Nc3 Nb6 10. Qe2 Nh5 11. Bf2 Be6 12. g4 Nf4 13. Qd2 Qc7 14. Nge2 Nxe2
15. Nxe2 Nc4 16. Qc1 O-O-O 17. b3 Nd6 18. Qa3 Nxe4 19. fxe4 Bxg4 20. Qxa7 Bxe2
21. Kxe2 Qf4 22. Rae1 Qxe4+ 23. Kd1 Qf3+ 24. Kc1 Qxf2 25. Qa8+ Kc7 26. Rxe7+
Rd7 27. Qa5+ 1/2-1/2

[Event "International Championship of Central Se"]
[Site "Paracin, hotel "]
[Date "2013.07.12"]
[Round "9.5"]
[White "Rajic, Momcilo"]
[Black "Tomic, Slobodan"]
[Result "0-1"]
[WhiteElo "1824"]
[BlackElo "2082"]
[PlyCount "93"]
[EventDate "2013.07.05"]

1. e4 c5 2. Nc3 Nf6 3. Nf3 g6 4. d4 cxd4 5. Nxd4 Bg7 6. Be3 d6 7. h3 Nc6 8. Bc4
O-O 9. Qd2 Nxd4 10. Bxd4 Be6 11. Bd3 Qa5 12. Be3 Rfc8 13. Ne2 Qxd2+ 14. Bxd2
Nd7 15. c3 Nc5 16. Bc2 Bc4 17. f3 b6 18. Be3 Ne6 19. Bb3 Rc7 20. Kf2 Rf8 21. g4
Bxe2 22. Kxe2 Be5 23. Rad1 Nf4+ 24. Kf2 Kg7 25. Bd4 f6 26. Be3 h6 27. Bxf4 Bxf4
28. Be6 b5 29. Rd3 Rb8 30. Re1 Rb6 31. Re2 Kf8 32. b3 Rbc6 33. Rc2 b4 34. c4
Rc5 35. Rd5 a5 36. Rb2 Ra7 37. Rd1 Be5 38. Rc2 a4 39. Ke3 Bc3 40. Rg1 g5 41.
bxa4 Rxa4 42. Rgg2 Be5 43. h4 gxh4 44. f4 Ra3+ 45. Ke2 Bxf4 46. Rf2 Be5 47. Rh2
0-1

[Event "International Championship of Central Se"]
[Site "Paracin, hotel "]
[Date "2013.07.12"]
[Round "9.6"]
[White "Cica, Dragan"]
[Black "Korbovljanovic, Natasa"]
[Result "1-0"]
[WhiteElo "2063"]
[BlackElo "1877"]
[PlyCount "49"]
[EventDate "2013.07.05"]

1. e4 e5 2. Nf3 Nf6 3. Nc3 Bb4 4. Nxe5 Qe7 5. Nf3 Bxc3 6. dxc3 Qxe4+ 7. Be2 O-O
8. O-O d6 9. Bg5 Nbd7 10. Re1 Qg6 11. Bd3 Qh5 12. Re7 c6 13. Bf5 h6 14. Bxd7
Nxd7 15. Bf4 d5 16. Qe2 Nc5 17. Bd6 Ne6 18. Re1 a5 19. Nd4 Qh4 20. Nxe6 fxe6
21. g3 Qf6 22. f4 Rd8 23. Qe5 Qg6 24. Bc5 Rd7 25. Rxe6 1-0

[Event "International Championship of Central Se"]
[Site "Paracin, hotel "]
[Date "2013.07.12"]
[Round "9.7"]
[White "Djuretanovic, Ivan"]
[Black "Lazovic, Bozidar"]
[Result "1/2-1/2"]
[WhiteElo "2042"]
[BlackElo "1786"]
[Annotator "Natasa"]
[PlyCount "99"]
[EventDate "2013.07.05"]

1. e4 c5 2. Nf3 d6 3. c3 Nf6 4. Be2 g6 5. e5 dxe5 6. Nxe5 Bg7 7. O-O O-O 8. d4
cxd4 9. cxd4 Nc6 10. Nxc6 bxc6 11. Bf3 Qb6 12. Na3 Be6 13. b3 Rfd8 14. Be3 Nd5
15. Nc4 Qc7 16. Rc1 Nxe3 17. fxe3 Bd5 18. Qe2 Rac8 19. Kh1 e5 20. dxe5 Bxe5 21.
Nxe5 Qxe5 22. e4 Be6 23. Qa6 Qc7 24. Qe2 Qa5 25. Qf2 Rd2 26. Qg3 Qxa2 27. Bg4
Bxg4 28. Qxg4 Rf8 29. Qf3 Qa6 30. Rc4 Qb5 31. h3 Rb2 32. Rc3 Qe2 33. Rxc6 Qxf3
34. Rxf3 Re2 35. Rc4 Ra2 36. Rc7 f6 37. Rd3 Rf7 38. Rxf7 Kxf7 39. Rd7+ Kg8 40.
Kh2 Rb2 41. Rb7 a5 42. Rb5 Ra2 43. Kg3 a4 44. bxa4 Rxa4 45. Kf3 Ra1 46. Kf4
Rf1+ 47. Kg4 Rf2 48. g3 h5+ 49. Kh4 Kg7 50. Rb6 {unreadable} 1/2-1/2

[Event "International Championship of Central Se"]
[Site "Paracin, hotel "]
[Date "2013.07.12"]
[Round "9.8"]
[White "Antic, Nenad"]
[Black "Pribanovic, Milivoje"]
[Result "1-0"]
[WhiteElo "2022"]
[BlackElo "1841"]
[PlyCount "47"]
[EventDate "2013.07.05"]

1. d4 Nf6 2. c4 e6 3. Nc3 Bb4 4. Qc2 b6 5. e4 Bb7 6. Bd3 Bxc3+ 7. bxc3 d6 8.
Ne2 h6 9. O-O O-O 10. f4 Nc6 11. e5 Nd7 12. Ba3 Ndb8 13. Be4 Re8 14. Rad1 d5
15. cxd5 exd5 16. Bh7+ Kh8 17. Rf3 Bc8 18. Rg3 Na5 19. Bd3 Nd7 20. f5 Nf8 21.
Bc1 f6 22. e6 c5 23. Nf4 Re7 24. Nxd5 1-0

[Event "International Championship of Central Se"]
[Site "Paracin, hotel "]
[Date "2013.07.12"]
[Round "9.9"]
[White "Radovanovic, Miroljub B"]
[Black "Janjic, Jovo"]
[Result "1-0"]
[WhiteElo "1961"]
[BlackElo "2008"]
[PlyCount "119"]
[EventDate "2013.07.05"]

1. e4 c5 2. Nf3 Nc6 3. d4 cxd4 4. Nxd4 d6 5. Nc3 Nf6 6. Be2 g6 7. Be3 Bg7 8.
O-O O-O 9. h4 h5 10. f3 Nxd4 11. Bxd4 Ne8 12. f4 Bxd4+ 13. Qxd4 Ng7 14. Rad1
Be6 15. Rd3 Qa5 16. a3 Qc5 17. Qxc5 dxc5 18. Nd5 Bxd5 19. Rxd5 b6 20. Rd7 e6
21. Rfd1 Ne8 22. e5 Ng7 23. Bf3 Rab8 24. Be4 Nf5 25. Bxf5 gxf5 26. Rxa7 Rfd8
27. Rdd7 Rxd7 28. Rxd7 Kf8 29. Kf2 Ke8 30. Rd6 Ke7 31. b3 c4 32. Rc6 cxb3 33.
cxb3 Kd7 34. Rc3 Ra8 35. b4 Rb8 36. Ke2 b5 37. Kd2 Rb7 38. Kc2 Ra7 39. Kb3 Kd8
40. g3 Ke7 41. Rc5 Rb7 42. a4 bxa4+ 43. Kxa4 Ra7+ 44. Kb3 Kd7 45. b5 Ra1 46.
Rc3 Ra5 47. Kb4 Ra1 48. b6 Kd8 49. Kb5 Rb1+ 50. Ka6 Ra1+ 51. Kb7 Ra2 52. Kb8
Ra1 53. b7 Ra2 54. Rc8+ Kd7 55. Rc7+ Kd8 56. Rxf7 Rg2 57. Rg7 Rc2 58. Ka7 Ra2+
59. Kb6 Rb2+ 60. Kc6 1-0

[Event "International Championship of Central Se"]
[Site "Paracin, hotel "]
[Date "2013.07.12"]
[Round "9.10"]
[White "Brankovan, Mario"]
[Black "Kostic, Tomislav"]
[Result "0-1"]
[WhiteElo "1938"]
[BlackElo "1978"]
[PlyCount "99"]
[EventDate "2013.07.05"]

1. d4 d5 2. Nf3 e6 3. e3 Bd6 4. Bd3 f5 5. b3 Qe7 6. Bb2 Nf6 7. Nbd2 O-O 8. c4
c6 9. Qc2 Ne4 10. g3 Bd7 11. c5 Bc7 12. a3 Be8 13. b4 Bh5 14. Be2 Nd7 15. Ng1
Bxe2 16. Nxe2 e5 17. dxe5 Nxe5 18. Bxe5 Bxe5 19. Rd1 a5 20. Nxe4 fxe4 21. Nd4
axb4 22. axb4 Ra3 23. O-O Rfa8 24. Qe2 g6 25. Qg4 R8a4 26. Qc8+ Kf7 27. b5 Ra8
28. Qh3 Bxd4 29. Rxd4 Kg7 30. Rc1 Ra2 31. bxc6 bxc6 32. Rb4 Rf8 33. Rcb1 Qf6
34. Rb7+ Rf7 35. Rxf7+ Qxf7 36. Qf1 Qf3 37. Ra1 Rd2 38. Qe1 Re2 39. Qf1 h5 40.
Re1 Rd2 41. Rc1 Kh6 42. h4 d4 43. exd4 e3 44. Qg2 exf2+ 45. Kh2 Qe2 46. Qf1 Qe4
47. Ra1 Qxd4 48. Rc1 Qe3 49. Kg2 Rd3 50. Qxf2 0-1

[Event "International Championship of Central Se"]
[Site "Paracin, hotel "]
[Date "2013.07.12"]
[Round "9.11"]
[White "Milosavljevic, Marija"]
[Black "Dragojevic, Dragan"]
[Result "1-0"]
[WhiteElo "1901"]
[BlackElo "1971"]
[PlyCount "111"]
[EventDate "2013.07.05"]

1. c4 e5 2. Nc3 f5 3. g3 Nf6 4. Bg2 Be7 5. d3 c6 6. e4 d6 7. Nge2 O-O 8. O-O a5
9. d4 exd4 10. Nxd4 fxe4 11. Nxe4 Nxe4 12. Bxe4 Na6 13. Be3 Nc7 14. Qc2 h6 15.
Qd2 d5 16. Bb1 c5 17. Qc2 Rf6 18. Qh7+ Kf8 19. Nf5 Bxf5 20. Bxf5 d4 21. Bf4 Bd6
22. Bd2 Kf7 23. Be4 Ra7 24. Bg2 Qd7 25. Rae1 Qf5 26. Qxf5 Rxf5 27. Be4 Re5 28.
Re2 Ra8 29. Rfe1 Rae8 30. Bf4 R5e6 31. Bxd6 Rxd6 32. Bxb7 Rxe2 33. Rxe2 Rb6 34.
Be4 Rb4 35. Bd3 Kf6 36. f4 a4 37. Kf2 a3 38. b3 Na6 39. Re8 Rxb3 40. axb3 a2
41. Re1 Nb4 42. Ke2 Ke6 43. Kd2+ Kd6 44. Ra1 Ke6 45. Bc2 Kf6 46. Kc1 g5 47.
fxg5+ Kxg5 48. h3 d3 49. Bd1 Kf5 50. Kb2 Ke4 51. Rxa2 Nxa2 52. Kxa2 Ke3 53. Kb2
Kf2 54. Kc3 Kxg3 55. Kxd3 Kxh3 56. Ke4 1-0

[Event "International Championship of Central Se"]
[Site "Paracin, hotel "]
[Date "2013.07.12"]
[Round "9.13"]
[White "Mirkovic, Dejan"]
[Black "Majstorovic, Dusan"]
[Result "0-1"]
[WhiteElo "1886"]
[BlackElo "2025"]
[PlyCount "92"]
[EventDate "2013.07.05"]

1. d4 d5 2. Bf4 e6 3. e3 Nf6 4. Bd3 c5 5. dxc5 Bxc5 6. Nf3 Nc6 7. O-O Qe7 8.
Nc3 Bb4 9. Bb5 O-O 10. a3 Bxc3 11. bxc3 Nh5 12. Bg3 Nxg3 13. hxg3 Qc5 14. Qd3
a6 15. Bxc6 Qxc6 16. Ng5 g6 17. f4 Bd7 18. Rfb1 Rac8 19. Rb3 Qc5 20. a4 Rc7 21.
Nf3 Rfc8 22. Raa3 Qa5 23. Qd4 Rc4 24. Qf6 R4c7 25. Rb4 b5 26. Ne5 Be8 27. Ng4
h5 28. f5 hxg4 29. fxe6 Rc4 30. Rb1 Qd8 31. e7 Qd7 32. axb5 axb5 33. Rba1 Qe6
34. Qg5 Kg7 35. Ra6 R4c6 36. Ra7 Rxc3 37. Kh2 Qxe3 38. Qxe3 Rxe3 39. Rd1 Bc6
40. Rd2 Re6 41. Kg1 Re8 42. Rc7 R8xe7 43. Rc8 Bb7 44. Rc5 Rb6 45. Rd4 Re4 46.
Rd2 Rc4 0-1

[Event "International Championship of Central Se"]
[Site "Paracin, hotel "]
[Date "2013.07.12"]
[Round "9.14"]
[White "Majcen, Zoran"]
[Black "Stojkovic, Zoran"]
[Result "0-1"]
[WhiteElo "1848"]
[BlackElo "2005"]
[PlyCount "40"]
[EventDate "2013.07.05"]

1. d4 Nf6 2. Bf4 g6 3. Nf3 Bg7 4. e3 O-O 5. c4 c5 6. Nc3 cxd4 7. exd4 d6 8. h3
Qb6 9. Qd2 e5 10. dxe5 dxe5 11. Bxe5 Nc6 12. Bf4 Bf5 13. Be3 Qa5 14. Nb5 Nb4
15. Kd1 Ne4 16. Qe1 Bxb2 17. Rb1 Qa4+ 18. Ke2 Nc3+ 19. Nxc3 Bd3+ 20. Kd2 Qc2#
0-1

[Event "International Championship of Central Se"]
[Site "Paracin, hotel "]
[Date "2013.07.12"]
[Round "9.15"]
[White "Kosir, Franci"]
[Black "Chetina, Elizaveta"]
[Result "1/2-1/2"]
[WhiteElo "1934"]
[BlackElo "1881"]
[PlyCount "120"]
[EventDate "2013.07.05"]

1. Nf3 Nf6 2. c4 e6 3. d4 d5 4. Nc3 c6 5. e3 Bd6 6. Qc2 Nbd7 7. Bd3 dxc4 8.
Bxc4 O-O 9. a4 Qe7 10. O-O e5 11. Bd3 Re8 12. dxe5 Nxe5 13. Nxe5 Bxe5 14. f4
Bxc3 15. bxc3 h6 16. Re1 Nd5 17. e4 Qc5+ 18. Kf1 Nf6 19. Ba3 Qh5 20. Kg1 Qg4
21. Qf2 b6 22. a5 c5 23. h3 Qe6 24. e5 Nd7 25. Qe2 Bb7 26. axb6 axb6 27. Bc4
Qc6 28. Bb5 Qe6 29. Red1 Re7 30. Rd6 Qxd6 31. exd6 Rxe2 32. Bxe2 Bc6 33. Bb2
Rxa1+ 34. Bxa1 Nf6 35. c4 Ne8 36. Bf3 Bd7 37. Bd5 Nxd6 38. Be5 Nc8 39. Bc7 b5
40. cxb5 Bxb5 41. Bb7 Bd7 42. Kf2 f6 43. Ke3 Ne7 44. g4 c4 45. Kd4 Bb5 46. h4
Kf7 47. Bd6 Bd7 48. f5 Nc6+ 49. Kc5 Ne5 50. Bd5+ Ke8 51. Bxc4 Nxc4 52. Kxc4 Ba4
53. Kd4 Bd1 54. g5 hxg5 55. hxg5 fxg5 56. Ke5 Kf7 57. Bc5 g4 58. Bf2 Bf3 59.
Bh4 Kg8 60. Kf4 Kh7 1/2-1/2

[Event "International Championship of Central Se"]
[Site "Paracin, hotel "]
[Date "2013.07.12"]
[Round "9.16"]
[White "Bozilov, Dragan"]
[Black "Milosavljevic, Delimir"]
[Result "0-1"]
[WhiteElo "1930"]
[BlackElo "1827"]
[Annotator ",ja"]
[PlyCount "51"]
[EventDate "2013.07.05"]

1. e4 e5 2. Nf3 Nc6 3. Bb5 a6 4. Ba4 Nf6 5. O-O Be7 6. Re1 b5 7. Bb3 O-O 8. c3
d5 9. exd5 Nxd5 10. Nxe5 Nxe5 11. Rxe5 c6 12. Bxd5 cxd5 13. d4 Bd6 14. Re1 Qh4
15. g3 Qh3 16. Qd3 Bg4 17. Be3 f5 18. f4 Rae8 19. Nd2 Re6 20. Qf1 Qh5 21. Qg2
Re4 22. Nxe4 fxe4 23. Qd2 Bf3 24. a4 g5 25. fxg5 Bxg3 26. Re2 {unreadable} 0-1

[Event "International Championship of Central Se"]
[Site "Paracin, hotel "]
[Date "2013.07.12"]
[Round "9.17"]
[White "Zivanovic, Blagoje"]
[Black "Zajic, Milun"]
[Result "1/2-1/2"]
[WhiteElo "1817"]
[BlackElo "1930"]
[PlyCount "40"]
[EventDate "2013.07.05"]

1. Nf3 Nf6 2. g3 g6 3. Bg2 Bg7 4. O-O O-O 5. d3 d6 6. e4 e5 7. h3 h6 8. Be3 Be6
9. Nc3 Nc6 10. Qd2 Kh7 11. a3 Qd7 12. Kh2 a6 13. Rfe1 Rfe8 14. Rad1 Rad8 15. b3
b6 16. b4 b5 17. Ng1 Ng8 18. Nce2 Nge7 19. Nc3 Ng8 20. Nge2 Nge7 1/2-1/2

[Event "International Championship of Central Se"]
[Site "Paracin, hotel "]
[Date "2013.07.12"]
[Round "9.18"]
[White "Rakic, Ognjan"]
[Black "Jaklin, Damir"]
[Result "1/2-1/2"]
[WhiteElo "1768"]
[BlackElo "1916"]
[PlyCount "173"]
[EventDate "2013.07.05"]

1. e4 c5 2. Nf3 Nc6 3. d4 cxd4 4. Nxd4 Qb6 5. Nb3 Nf6 6. Nc3 e6 7. Be3 Qc7 8.
Nb5 Qb8 9. f3 a6 10. Nc3 Bb4 11. Qd2 O-O 12. a3 Bxc3 13. Qxc3 d5 14. Bd3 e5 15.
exd5 Nxd5 16. Qd2 Be6 17. O-O Nxe3 18. Qxe3 Bxb3 19. cxb3 Nd4 20. Rae1 f6 21.
f4 Nc6 22. Qh3 g6 23. fxe5 Nxe5 24. Qe6+ Kg7 25. Bb1 Qe8 26. Qd5 Qe7 27. Be4
Rab8 28. Rc1 Rfd8 29. Qc5 Rd7 30. Qxe7+ Rxe7 31. a4 f5 32. Bd5 Rd8 33. Bc4 Rd2
34. Rf2 Rxf2 35. Kxf2 Rc7 36. Rc3 Kf6 37. Be2 Rd7 38. Rc2 g5 39. h3 Nd3+ 40.
Bxd3 Rxd3 41. Rc7 Rxb3 42. Rxh7 Rxb2+ 43. Kf3 Rb3+ 44. Kf2 f4 45. a5 Kf5 46.
Re7 Rb5 47. Kf3 Rb3+ 48. Kf2 Ra3 49. Rxb7 Rxa5 50. Rb4 Ra2+ 51. Kf3 Ra3+ 52.
Kf2 g4 53. hxg4+ Kxg4 54. Rb8 Ra2+ 55. Kg1 Ra5 56. Kf2 Kf5 57. Rf8+ Ke4 58.
Re8+ Re5 59. Ra8 a5 60. Ra7 Rf5 61. Re7+ Re5 62. Rf7 Re6 63. Ra7 Re5 64. Rf7
Rb5 65. Re7+ Kf5 66. Rf7+ Kg4 67. Rg7+ Kh4 68. Kf3 Rb4 69. Ra7 a4 70. Ra5 Rc4
71. Ra8 Kg5 72. Ke2 Kf5 73. Kd3 Rb4 74. Rf8+ Kg4 75. Rg8+ Kh4 76. Ke2 Rb3 77.
Rf8 Kg3 78. Rg8+ Kh4 79. Rf8 Kg3 80. Rg8+ Kh2 81. Kf2 Rb2+ 82. Kf3 a3 83. Kxf4
Rb4+ 84. Ke3 Rb3+ 85. Kd2 Rb2+ 86. Kc3 Rb1 87. Ra8 1/2-1/2

[Event "International Championship of Central Se"]
[Site "Paracin, hotel "]
[Date "2013.07.12"]
[Round "9.19"]
[White "Glisic, Tomislav"]
[Black "Vasilev, Martin"]
[Result "1-0"]
[WhiteElo "1912"]
[BlackElo "1741"]
[PlyCount "70"]
[EventDate "2013.07.05"]

1. e4 e6 2. d4 d5 3. Nc3 Nf6 4. exd5 exd5 5. g3 Bb4 6. Nge2 Bg4 7. Qd3 c6 8.
Bg2 O-O 9. O-O Bh5 10. Nf4 Bg6 11. Nxg6 hxg6 12. Ne2 Bd6 13. a4 Na6 14. c3 Nc7
15. b4 a6 16. Bd2 b5 17. a5 Be7 18. f4 Nce8 19. f5 g5 20. Qf3 Nd6 21. Rae1 Nde4
22. Bc1 Ne8 23. Qd3 N8f6 24. Kh1 Kh7 25. Ng1 g4 26. Ne2 Rh8 27. Kg1 Kg8 28. Nf4
Qd7 29. Ne2 Rh5 30. Bf4 Bd6 31. Bxd6 Qxd6 32. Rf4 Kh7 33. Bxe4 dxe4 34. Qe3 Re8
35. Qc1 Rh8 1-0

[Event "International Championship of Central Se"]
[Site "Paracin, hotel "]
[Date "2013.07.12"]
[Round "9.22"]
[White "Injac, Teodora"]
[Black "Cvetkovski, Slobodan"]
[Result "1-0"]
[WhiteElo "1713"]
[BlackElo "1879"]
[PlyCount "55"]
[EventDate "2013.07.05"]

1. d4 Nf6 2. c4 c5 3. e3 g6 4. Nf3 Bg7 5. Nc3 O-O 6. Bd3 d6 7. h3 b6 8. O-O Bb7
9. d5 e6 10. e4 exd5 11. exd5 Re8 12. Bf4 a6 13. a4 Qc7 14. Qd2 Nbd7 15. Rfe1
Rxe1+ 16. Rxe1 Re8 17. Re2 Rxe2 18. Qxe2 Kf8 19. Ng5 h6 20. Nxf7 Ne5 21. Nxe5
dxe5 22. Bxe5 Qf7 23. Qc2 g5 24. Bf5 Qe8 25. Be6 Qe7 26. Qg6 Qe8 27. Qf5 Qd8
28. Ne4 1-0

[Event "International Championship of Central Se"]
[Site "Paracin, hotel "]
[Date "2013.07.12"]
[Round "9.23"]
[White "Djordjevic, Lazar"]
[Black "Gagic, Miroljub"]
[Result "0-1"]
[WhiteElo "1683"]
[BlackElo "1849"]
[PlyCount "96"]
[EventDate "2013.07.05"]

1. e4 d6 2. d4 Nf6 3. Nc3 e5 4. Nf3 Nbd7 5. Bc4 h6 6. O-O c6 7. a4 g5 8. dxe5
dxe5 9. Bxg5 hxg5 10. Nxg5 Qb6 11. Nxf7 Rh7 12. Ng5 Re7 13. b3 Nc5 14. Qf3 Bg7
15. Rad1 Bg4 16. Qg3 Bxd1 17. Nxd1 O-O-O 18. Ne3 Bf8 19. Qf3 Nfd7 20. Nf7 Kb8
21. Nxd8 Qxd8 22. Rd1 Qe8 23. Nf5 Rh7 24. Ng3 a5 25. Qf5 Rh8 26. Bf7 Qe7 27.
Bh5 Kc7 28. Qg4 Nf6 29. Qg6 Nxh5 30. Nxh5 Kb6 31. Ng3 Qh7 32. Qxh7 Rxh7 33. f3
Ne6 34. Ne2 Kc5 35. g4 b5 36. axb5 Kxb5 37. Kg2 Kb4 38. Ra1 Nc5 39. Rd1 Rd7 40.
Rxd7 Nxd7 41. h4 c5 42. Nc1 Kc3 43. Ne2+ Kxc2 44. f4 Kxb3 45. g5 exf4 46. Nxf4
a4 47. Ne6 a3 48. g6 Bh6 0-1

[Event "International Championship of Central Se"]
[Site "Paracin, hotel "]
[Date "2013.07.12"]
[Round "9.24"]
[White "Janjic, Nikola"]
[Black "Pavlovic, Branka"]
[Result "1/2-1/2"]
[WhiteElo "1829"]
[BlackElo "1787"]
[PlyCount "41"]
[EventDate "2013.07.05"]

1. c4 Nf6 2. Nc3 g6 3. g3 Bg7 4. Bg2 d6 5. e3 O-O 6. Nge2 c6 7. O-O e5 8. b3
Bg4 9. d3 Qd7 10. Bb2 Na6 11. Rc1 Nc7 12. Qd2 Rad8 13. Rfd1 Nh5 14. f3 Be6 15.
d4 f5 16. dxe5 dxe5 17. Qxd7 Rxd7 18. Rxd7 Bxd7 19. Rd1 Be6 20. e4 f4 21. g4
1/2-1/2

[Event "International Championship of Central Se"]
[Site "Paracin, hotel "]
[Date "2013.07.12"]
[Round "9.25"]
[White "Nestorovic, Katarina"]
[Black "Ristic, Dejan D"]
[Result "1/2-1/2"]
[WhiteElo "1484"]
[BlackElo "1823"]
[PlyCount "60"]
[EventDate "2013.07.05"]

1. e4 c5 2. Nf3 Nc6 3. d4 cxd4 4. Nxd4 g6 5. Nc3 Bg7 6. Be3 Nf6 7. Bc4 O-O 8.
O-O d6 9. h3 Qa5 10. Nb3 Qh5 11. Be2 Qh4 12. Bf3 Ne5 13. Nd4 Bd7 14. Qe2 Rac8
15. Nd5 Nxd5 16. exd5 Nxf3+ 17. Nxf3 Qb4 18. c3 Qa5 19. Rfd1 Bb5 20. Qd2 Rfe8
21. Nd4 a6 22. Nxb5 Qxb5 23. f3 e6 24. dxe6 Rxe6 25. Re1 Rce8 26. Bf4 h5 27.
Rxe6 Rxe6 28. Re1 Be5 29. Bxe5 dxe5 30. Qd8+ Kg7 1/2-1/2